Nhập môn giải tích phức
Hàm chỉnh hình bao gồm: hàm phẳng phức, hàm biến phức, các hàm sơ cấp. Các tính chất của hàm chỉnh hình: tích phân, chuỗi Taylo, chuỗi lôrăng và điểm bất thường. Các khái niệm: hàm giải tích, cơ sở lí thuyết hình học, nguyên lí, định lí...
Wedi'i Gadw mewn:
| Prif Awdur: | |
|---|---|
| Fformat: | Llyfr |
| Iaith: | Undetermined |
| Cyhoeddwyd: |
Thành phố Hồ Chí Minh
Đại Khoa Học Tự Nhiên
1999
|
| Pynciau: | |
| Tagiau: |
Ychwanegu Tag
Dim Tagiau, Byddwch y cyntaf i dagio'r cofnod hwn!
|
| Thư viện lưu trữ: | Trung tâm Học liệu Trường Đại học Cần Thơ |
|---|
| LEADER | 01062nam a2200205Ia 4500 | ||
|---|---|---|---|
| 001 | CTU_36345 | ||
| 008 | 210402s9999 xx 000 0 und d | ||
| 020 | |b 13.000đ | ||
| 082 | |a 515.7 | ||
| 082 | |b A107 | ||
| 100 | |a Nguyễn, Hữu Anh | ||
| 245 | 0 | |a Nhập môn giải tích phức | |
| 245 | 0 | |c Nguyễn Hữu Anh | |
| 260 | |a Thành phố Hồ Chí Minh | ||
| 260 | |b Đại Khoa Học Tự Nhiên | ||
| 260 | |c 1999 | ||
| 520 | |a Hàm chỉnh hình bao gồm: hàm phẳng phức, hàm biến phức, các hàm sơ cấp. Các tính chất của hàm chỉnh hình: tích phân, chuỗi Taylo, chuỗi lôrăng và điểm bất thường. Các khái niệm: hàm giải tích, cơ sở lí thuyết hình học, nguyên lí, định lí Riman, tương ứng biên và nguyên lí đối xứng | ||
| 650 | |a Functional analysis,Phân tích hàm số | ||
| 904 | |i Minh, Q. Hiếu (sửa) | ||
| 980 | |a Trung tâm Học liệu Trường Đại học Cần Thơ | ||